| 000 | 00625nam a2200181 a 4500 | ||
|---|---|---|---|
| 005 | 20140412111342.0 | ||
| 008 | 040114s19uu xx 00 eng d | ||
| 020 | _a0-590-85026-1 | ||
| 050 |
_aER _bGr75 1994 |
||
| 100 | _aBuckley, Helen E. | ||
| 245 |
_aGrandfather and I / _cby Helen E. Buckley, Jan Ormerod. |
||
| 260 |
_aNew York : _bScholastic Inc, _c1994. |
||
| 300 | _a[20] p. ; ill. | ||
| 520 | _aMother and Father hurry. Brother and Sister hurry. But not Grandfather and I! We stop and look . . . just a s long as we like! | ||
| 650 | _aGrandfathers--Fiction | ||
| 650 | _aChildren stories | ||
| 999 |
_c105143 _d105143 |
||